Logo BPK

Biblioteka

Politechniki Koszalińskiej

Biegungstheorie der Sandwich-Platten / (Rekord nr 9051)

Szczegóły MARC
000 -ETYKIETA REKORDU
podpole kontrolne o stałej długości 00468nam a2200181 i 4500
001 - NUMER KONTROLNY REKORDU
pole kontrolne bg
040 ## - ŹRÓDŁO KATALOGOWANIA
Instytucja, która utworzyła rekord BPK
041 ## - KOD JĘZYKA
Kod języka tekstu pol
080 ## - UNIWERSALNA KLASYFIKACJA DZIESIĘTNA - UKD
UKD 624.073
008 - POLE O STAŁEJ DŁUGOŚCI - DANE KONTROLNE
podpole kontrolne o stałej długości s pl f |000 0 pol
100 1# - NAZWA OSOBOWA
Nazwa osobowa DUNDROVA, Vera
245 #0 - TYTUŁ/ODPOWIEDZIALNOŚĆ
Tytuł Biegungstheorie der Sandwich-Platten /
Pozostałe elementy strefy tytułu i oznaczenia odpowiedzialności V. Dundrova, V. Kovarik, P. Slapak.
260 ## - STREFA ADRESU WYDAWNICZEGO
Miejsce wydania Prag :
Nazwa wydawcy/dystrybutora Academia,
Data publikacji, dystrybucji/powstania dokumentu 1970.
650 #9 - HASŁO PRZEDMIOTOWE W FORMIE NAZWY OGÓLNEJ LUB JEDNOSTKOWEJ
Nazwa ogólna lub geograficzna Konstrukcje budowlane
700 1# - HASŁO DODATKOWE - NAZWA OSOBOWA
Nazwa osobowa KOVARIK, Vaclav
700 1# - HASŁO DODATKOWE - NAZWA OSOBOWA
Nazwa osobowa SLAPAK, Pavel
856 ## - LOKALIZACJA I DOSTĘP DO ELEKTRONICZNYCH DOKUMENTÓW ZDALNYCH
Link (URL) http://koha.tu.koszalin.pl/cgi-bin/koha/opac-detail.pl?biblionumber=9051
Tekst linku Katalog online BPK
942 ## - DODATKOWE ELEMENTY (KOHA)
Typ dokumentu Książka
Egzemplarze
Wycofany Status egzemplarza Uszkodzony Dostępność Lokalizacja stała Lokalizacja bieżąca Miejsce przechowywania Sygnatura Kod kreskowy Typ dokumentu
      Dostępny Biblioteka Politechniki Koszalińskiej Biblioteka Politechniki Koszalińskiej Wypożyczalnia BG 8974 02030555 Książka
© 2023 Biblioteka Politechniki Koszalińskiej :: KOHA